|
|
|
|
| LEADER |
00000cam a2200000 7i4500 |
| 001 |
0000190835 |
| 005 |
20150302.0 |
| 020 |
|
|
|a 9789670618571
|
| 090 |
0 |
0 |
|a 297.125
|b ALG
|
| 100 |
1 |
|
|a Al Ghifari, Abu Dzar
|
| 245 |
1 |
0 |
|a Buku teras anak Islam :
|b panduan akidah
|c Abu Dzar Al Ghifari; penterjemah, Zulzila Dzulkefli
|
| 260 |
|
|
|a Hulu Selangor :
|b Darul Mughni Trading ,
|c 2015
|
| 300 |
|
|
|a 100p. :
|b ill. ;
|c 23cm.
|
| 490 |
0 |
|
|a Buku Teras Anak Islam
|
| 650 |
0 |
0 |
|a God (Islam)
|x Quranic teaching
|x Juvenile literature
|
| 650 |
0 |
0 |
|a Islam
|x Doctrines
|x Juvenile literature
|
| 700 |
0 |
|
|a Zulkifli Barkatullah
|
| 999 |
|
|
|a 00304878
|b BUKU
|c JUNIOR BOOKS
|e PERPUSTAKAAN KOMUNITI CAW KOTA DAMANSARA
|
| 999 |
|
|
|a 00304879
|b BUKU
|c JUNIOR BOOKS
|e PERPUSTAKAAN KOMUNITI CAW KOTA DAMANSARA
|
| 999 |
|
|
|a 00309691
|b BUKU
|c JUNIOR BOOKS
|e PERPUSTAKAAN KOMUNITI PETALING JAYA
|
| 999 |
|
|
|a 00309692
|b BUKU
|c JUNIOR BOOKS
|e PERPUSTAKAAN KOMUNITI PETALING JAYA
|
| 999 |
|
|
|a 00309693
|b BUKU
|c JUNIOR BOOKS
|e PERPUSTAKAAN KOMUNITI PETALING JAYA
|